[Event "CRO-chT2 West"]
[Site "Rijeka"]
[Date "2020.10.25"]
[Round "8.1"]
[White "Jerkovic, Maroje"]
[Black "Klobucar, Dean"]
[Result "0-1"]
[WhiteElo "2161"]
[BlackElo "2173"]
[PlyCount "80"]
[EventDate "2020.09.12"]
[EventType "team-tourn"]
[EventRounds "9"]
[EventCountry "CRO"]
[SourceTitle "EXT 2022"]
[Source "ChessBase"]
[SourceDate "2021.10.06"]
[SourceVersion "1"]
[SourceVersionDate "2021.10.06"]
[SourceQuality "1"]
[WhiteTeam "Drazice Rjecina"]
[BlackTeam "Rijeka II"]
[WhiteTeamCountry "CRO"]
[BlackTeamCountry "CRO"]

1. f4 g6 2. g3 Bg7 3. Bg2 h5 4. Nf3 d5 5. d3 c5 6. 0-0 Nc6 7. c3 Bg4 8. h3 Bxf3 9. Bxf3 e6 10. e4 Nge7 11. Qe2 Qd7 12. Kh2 0-0-0 13. e5 Nf5 14. Qf2 b6 15. Na3 g5 16. Bg2 Nxe5 17. fxe5 Bxe5 18. Qe2 f6 19. Rxf5 exf5 20. d4 Bb8 21. Qa6+ Qb7 22. Qd3 h4 23. c4 Bxg3+ 24. Kg1 Kb8 25. cxd5 Qe7 26. Bd2 Rhe8 27. Qa6 Qe2 28. Nb5 Rd7 29. dxc5 Bf2+ 30. Kh1 Qxd2 31. Rf1 Bxc5 32. d6 Re1 33. Nc7 Rxf1+ 34. Qxf1 Qxd6 35. Na6+ Kc8 36. Nxc5 Qxc5 37. Qe1 Qe5 38. Qf1 Kd8 39. Qf3 Qe1+ 40. Kh2 Qg3+ 0-1

[Event "CRO-chT2 West"]
[Site "Rijeka"]
[Date "2020.10.24"]
[Round "7.1"]
[White "Muskardin, Mario"]
[Black "Jerkovic, Maroje"]
[Result "0-1"]
[WhiteElo "2342"]
[BlackElo "2161"]
[PlyCount "60"]
[EventDate "2020.09.12"]
[EventType "team-tourn"]
[EventRounds "9"]
[EventCountry "CRO"]
[SourceTitle "EXT 2022"]
[Source "ChessBase"]
[SourceDate "2021.10.06"]
[SourceVersion "1"]
[SourceVersionDate "2021.10.06"]
[SourceQuality "1"]
[WhiteTeam "Mali Losinj"]
[BlackTeam "Drazice Rjecina"]
[WhiteTeamCountry "CRO"]
[BlackTeamCountry "CRO"]

1. e4 e5 2. Nf3 Nc6 3. Bc4 Nf6 4. d3 Bc5 5. 0-0 a6 6. c3 Ba7 7. Re1 d6 8. Nbd2 Ng4 9. Re2 0-0 10. h3 Nh6 11. Nf1 Na5 12. Bg5 Qe8 13. Qc1 Nxc4 14. Bxh6 Qe6 15. Bxg7 Kxg7 16. dxc4 Kh8 17. Ng3 Rg8 18. Kh2 Qf6 19. Qd2 Qg7 20. Ree1 f5 21. exf5 Bxf5 22. Rg1 Be6 23. b3 Raf8 24. Rae1 Bd7 25. Ne4 Bc6 26. c5 Rf4 27. Nfg5 Qg6 28. g3 Rff8 29. Qe2 h6 30. Nf3 Qxe4 0-1

[Event "Rijeka Paris Memorial 40th"]
[Site "Rijeka"]
[Date "2019.10.20"]
[Round "4"]
[White "Jerkovic, Maroje"]
[Black "Tomulic, Teo"]
[Result "1/2-1/2"]
[WhiteElo "2120"]
[BlackElo "2316"]
[PlyCount "72"]
[EventDate "2019.10.18"]
[EventType "swiss"]
[EventRounds "9"]
[EventCountry "CRO"]
[SourceTitle "CBM 192 Extra"]
[Source "Chessbase"]
[SourceDate "2019.11.06"]
[SourceVersion "1"]
[SourceVersionDate "2019.11.06"]
[SourceQuality "1"]

1. f4 c5 2. g3 Nc6 3. Bg2 d5 4. Nf3 f6 5. d3 e5 6. 0-0 e4 7. Nh4 exd3 8. exd3 Nge7 9. Re1 g6 10. Nc3 Kf7 11. f5 Nxf5 12. Bxd5+ Kg7 13. Nxf5+ Bxf5 14. g4 Bc8 15. Be3 Nd4 16. Kh1 h6 17. Rg1 Bd6 18. Qd2 Be5 19. Raf1 g5 20. Be4 h5 21. gxh5 Rxh5 22. Bf4 Bxf4 23. Qxf4 Be6 24. Bxb7 Rb8 25. Bf3 Rh6 26. b3 Kh8 27. Qe3 Qd6 28. Rf2 Rh3 29. Ne4 Qe5 30. Rg3 Rh7 31. Bg2 Nf5 32. Rxf5 Bxf5 33. Nxc5 Qd6 34. Ne4 Bxe4 35. Bxe4 Rg7 36. c4 Re7 1/2-1/2

[Event "Sarajevo Bosna op 49th"]
[Site "Sarajevo"]
[Date "2019.04.28"]
[Round "2"]
[White "Jerkovic, Maroje"]
[Black "Jakovljevic, Vlado"]
[Result "0-1"]
[WhiteElo "2145"]
[BlackElo "2356"]
[PlyCount "46"]
[EventDate "2019.04.27"]
[EventType "swiss"]
[EventRounds "9"]
[EventCountry "BIH"]
[SourceTitle "CBM 190 Extra"]
[Source "ChessBase"]
[SourceDate "2019.07.15"]
[SourceVersion "1"]
[SourceVersionDate "2019.07.15"]
[SourceQuality "1"]

1. f4 d5 2. e3 Nf6 3. Nf3 c5 4. b3 a6 5. Bb2 Nc6 6. Be2 g6 7. 0-0 Bg7 8. Ne5 Bd7 9. Bf3 0-0 10. Nc3 Be8 11. Qc1 Rc8 12. g4 d4 13. Ne2 Nxe5 14. fxe5 Nd7 15. exd4 cxd4 16. Bxd4 Nxe5 17. Bxb7 Nd3 18. Qd1 Bxd4+ 19. Nxd4 Qxd4+ 20. Kg2 Rc7 21. Bxa6 Bc6+ 22. Kg3 Qe5+ 23. Kh4 Qxh2+ 0-1

[Event "Split op 7th"]
[Site "Split"]
[Date "2017.08.26"]
[Round "8"]
[White "Jerkovic, Maroje"]
[Black "Matosevic, Ivica"]
[Result "1-0"]
[WhiteElo "2109"]
[BlackElo "2070"]
[PlyCount "37"]
[EventDate "2017.08.20"]
[EventType "swiss"]
[EventRounds "9"]
[EventCountry "CRO"]
[SourceTitle "CBM 180 Extra"]
[Source "ChessBase"]
[SourceDate "2017.10.06"]
[SourceVersion "1"]
[SourceVersionDate "2017.10.06"]
[SourceQuality "1"]

1. e4 e5 2. f4 d5 3. exd5 exf4 4. Nf3 Nf6 5. Nc3 c6 6. dxc6 Nxc6 7. d4 Bb4 8. Bxf4 0-0 9. Be2 Bg4 10. 0-0 Qa5 11. Ne5 Bxc3 12. Nxc6 bxc6 13. bxc3 Bxe2 14. Qxe2 Qxc3 15. Rad1 Rfe8 16. Be5 Nd5 17. Rd3 Qc4 18. Rxf7 Nf6 19. Rxg7+ 1-0

[Event "Mediterranean op 9th"]
[Site "Rijeka"]
[Date "2017.02.14"]
[Round "5"]
[White "Tomulic, Teo"]
[Black "Jerkovic, Maroje"]
[Result "1-0"]
[WhiteElo "2206"]
[BlackElo "2083"]
[PlyCount "149"]
[EventDate "2017.02.11"]
[EventType "swiss"]
[EventRounds "9"]
[EventCountry "CRO"]
[SourceTitle "CBM 177 Extra"]
[Source "ChessBase"]
[SourceDate "2017.04.27"]
[SourceVersion "1"]
[SourceVersionDate "2017.04.27"]
[SourceQuality "1"]

1. e4 e5 2. Nf3 Nc6 3. Bb5 Bc5 4. c3 f5 5. exf5 e4 6. d4 exf3 7. dxc5 Qe7+ 8. Be3 fxg2 9. Rg1 Nf6 10. Nd2 0-0 11. Qb3+ Kh8 12. Rxg2 d5 13. cxd6 cxd6 14. 0-0-0 Bxf5 15. Rdg1 Bg6 16. Qa4 Ne5 17. Qh4 a6 18. Ba4 Nd5 19. Qxe7 Nxe7 20. Bc2 Bxc2 21. Kxc2 Nf5 22. Bb6 Rac8 23. Nb3 Rf7 24. Rd1 Nc4 25. Bd4 Re8 26. Nc1 Re4 27. b3 Rxd4 28. Rxd4 Nxd4+ 29. cxd4 Na3+ 30. Kd3 Rf5 31. Ke4 g6 32. f3 Kg7 33. Nd3 a5 34. d5 b5 35. Nf4 b4 36. Ne6+ Kf6 37. Nc7 Nb1 38. Nb5 Re5+ 39. Kd4 Ke7 40. Rc2 Rh5 41. Rc7+ Kd8 42. Ra7 Nc3 43. Nxc3 bxc3 44. Kxc3 Rxd5 45. Rxh7 Rf5 46. Rh3 Kc7 47. Kd4 Kc6 48. Ke4 Kc5 49. f4 d5+ 50. Ke3 d4+ 51. Ke4 Rf6 52. Rg3 Rd6 53. Kd3 Kb4 54. Rg2 a4 55. bxa4 Kxa4 56. Rc2 Ka3 57. Rc4 Kxa2 58. Rxd4 Re6 59. Rd5 Kb3 60. Re5 Rd6+ 61. Ke4 Kc4 62. Rg5 Re6+ 63. Kf3 Kd4 64. h4 Rb6 65. Kg4 Rc6 66. h5 gxh5+ 67. Rxh5 Re6 68. f5 Rf6 69. Rh8 Ke5 70. Re8+ Kd6 71. Kg5 Rf7 72. Kg6 Ra7 73. f6 Ra1 74. f7 Rg1+ 75. Kh5 1-0

[Event "CRO-chT2W"]
[Site "Croatia"]
[Date "2016.03.06"]
[Round "3.5"]
[White "Jerkovic, Maroje"]
[Black "Kvaternik, Sinisa"]
[Result "1-0"]
[WhiteElo "2036"]
[BlackElo "1848"]
[PlyCount "101"]
[EventDate "2016.03.05"]
[EventType "team-tourn"]
[EventRounds "9"]
[EventCountry "CRO"]
[SourceTitle "CBM 171 Extra"]
[Source "ChessBase"]
[SourceDate "2016.04.26"]
[SourceVersion "1"]
[SourceVersionDate "2016.04.26"]
[SourceQuality "1"]
[WhiteTeam "Karlobag"]
[BlackTeam "Kraljevica"]
[WhiteTeamCountry "CRO"]
[BlackTeamCountry "CRO"]

1. e4 e5 2. f4 d5 3. exd5 exf4 4. Nf3 Qxd5 5. Nc3 Qd6 6. d4 c6 7. Ne5 Nd7 8. Bxf4 Nxe5 9. Bxe5 Qe6 10. Be2 f6 11. Bf4 Bb4 12. 0-0 Bxc3 13. bxc3 Ne7 14. Bd3 0-0 15. Qh5 f5 16. Rae1 Qf7 17. Qxf7+ Kxf7 18. Bd6 Re8 19. Rxe7+ Rxe7 20. Bxe7 Kxe7 21. Bxf5 Bxf5 22. Rxf5 g6 23. Re5+ Kd6 24. Kf2 Rf8+ 25. Ke2 Rf7 26. g3 b6 27. Re3 Rf5 28. c4 Ra5 29. a3 Ra4 30. Rc3 Ra5 31. Ke3 Rf5 32. Ke4 Rh5 33. h4 Rf5 34. Rf3 Ra5 35. g4 Ra4 36. Rc3 Ke6 37. h5 g5 38. c5 b5 39. Rf3 a5 40. h6 Rc4 41. c3 Ra4 42. Rf5 Rxa3 43. Rxg5 Rxc3 44. Rg7 b4 45. Rxh7 b3 46. Rc7 b2 47. Rxc6+ Kf7 48. Rb6 Rc2 49. Kd3 Rg2 50. Kc3 Rxg4 51. Rxb2 1-0

[Event "Mediterranean op 8th"]
[Site "Rijeka"]
[Date "2015.12.08"]
[Round "5"]
[White "Doric, Nenad"]
[Black "Jerkovic, Maroje"]
[Result "1/2-1/2"]
[WhiteElo "2273"]
[BlackElo "2012"]
[PlyCount "59"]
[EventDate "2015.12.05"]
[EventType "swiss"]
[EventRounds "9"]
[EventCountry "CRO"]
[SourceTitle "CBM 169 Extra"]
[Source "ChessBase"]
[SourceDate "2015.12.18"]
[SourceVersion "1"]
[SourceVersionDate "2015.12.18"]
[SourceQuality "1"]

1. d4 e6 2. e4 d5 3. Nd2 dxe4 4. Nxe4 Nd7 5. Nf3 Ngf6 6. Bd3 Be7 7. Qe2 Nxe4 8. Bxe4 Nf6 9. Bxb7 Bxb7 10. Qb5+ Qd7 11. Qxb7 0-0 12. 0-0 a5 13. Qb3 Rab8 14. Qc4 c5 15. dxc5 Rfc8 16. Ne5 Qc7 17. Nd3 Bxc5 18. Qxc5 Qxc5 19. Nxc5 Rxc5 20. c3 Nd5 21. Rd1 a4 22. Be3 Nxe3 23. fxe3 a3 24. Rab1 g6 25. bxa3 Rxb1 26. Rxb1 Rxc3 27. a4 Rxe3 28. Rb3 Re5 29. Kf2 Kf8 30. Ra3 1/2-1/2

[Event "Mediterranean op 8th"]
[Site "Rijeka"]
[Date "2015.12.06"]
[Round "3"]
[White "Radikovic, Anamarija"]
[Black "Jerkovic, Maroje"]
[Result "0-1"]
[WhiteElo "1688"]
[BlackElo "2012"]
[PlyCount "150"]
[EventDate "2015.12.05"]
[EventType "swiss"]
[EventRounds "9"]
[EventCountry "CRO"]
[SourceTitle "CBM 169 Extra"]
[Source "ChessBase"]
[SourceDate "2015.12.18"]
[SourceVersion "1"]
[SourceVersionDate "2015.12.18"]
[SourceQuality "1"]

1. d4 f5 2. c4 g6 3. g3 Bg7 4. Bg2 Nf6 5. Nh3 0-0 6. 0-0 d6 7. Nc3 Nc6 8. d5 Ne5 9. b3 Ne4 10. Bb2 Nxc4 11. bxc4 Nxc3 12. Bxc3 Bxc3 13. Rb1 e5 14. dxe6 c6 15. Qd3 Ba5 16. Rfd1 Bc7 17. Qe3 Qe7 18. Ng5 Rf6 19. h4 h6 20. Nh3 Kh7 21. Nf4 Bb6 22. Qd3 Bc5 23. Qb3 g5 24. hxg5 hxg5 25. Nd3 Bb6 26. e4 Bxe6 27. exf5 Bxf5 28. Re1 Qf7 29. Rbd1 Be6 30. Qc2 Kg7 31. c5 Bc7 32. cxd6 Bxd6 33. Nc5 Bd5 34. Bxd5 cxd5 35. Qc1 Kh6 36. Qc2 Rc8 37. Kg2 Kg7 38. Rh1 Kg8 39. Qd2 Bxc5 40. Qxg5+ Rg6 41. Qxd5 Qxd5+ 42. Rxd5 Bb6 43. Rd2 Rgc6 44. Rh4 Rc2 45. Rg4+ Kf8 46. Rf4+ Ke7 47. Re4+ Kf6 48. Rf4+ Ke5 49. Rxc2 Rxc2 50. a4 Bc5 51. Kf1 b6 52. f3 a5 53. Re4+ Kd5 54. Rf4 Ra2 55. g4 Bd4 56. g5 Rxa4 57. g6 Ra1+ 58. Ke2 Rg1 59. Kd3 Be5 60. Rf5 Rxg6 61. f4 Re6 62. fxe5 Rxe5 63. Rf8 Kc5 64. Rf1 b5 65. Rc1+ Kb6 66. Kd4 Rh5 67. Rg1 a4 68. Kc3 Kc5 69. Rg3 b4+ 70. Kb2 Rh2+ 71. Ka1 b3 72. Kb1 Rd2 73. Kc1 Rd4 74. Kb2 Kb4 75. Rg8 a3+ 0-1

[Event "Rijeka Paris Memorial 36th"]
[Site "Rijeka"]
[Date "2015.07.05"]
[Round "4"]
[White "Jerkovic, Maroje"]
[Black "Doric, Nenad"]
[Result "0-1"]
[WhiteElo "2002"]
[BlackElo "2295"]
[PlyCount "54"]
[EventDate "2015.07.03"]
[EventType "swiss"]
[EventRounds "9"]
[EventCountry "CRO"]
[SourceTitle "CBM 167 Extra"]
[Source "ChessBase"]
[SourceDate "2015.09.14"]
[SourceVersion "1"]
[SourceVersionDate "2015.09.14"]
[SourceQuality "1"]

1. e4 e5 2. f4 d5 3. exd5 exf4 4. Nf3 Nf6 5. c4 c6 6. dxc6 Nxc6 7. d4 Bb4+ 8. Nc3 Ne4 9. Bd2 Nxd2 10. Qxd2 Bg4 11. Rd1 Bxf3 12. gxf3 Qh4+ 13. Qf2 Nxd4 14. Qxh4 Nxf3+ 15. Kf2 Nxh4 16. Re1+ Kf8 17. Re4 Bxc3 18. bxc3 g5 19. Be2 Rd8 20. Rb1 Rd2 21. Rd4 Rxa2 22. Kf1 f3 23. Bd1 Nf5 24. Re4 Rxh2 25. Bxf3 Ng3+ 26. Kg1 Nxe4 27. Kxh2 Nd2 0-1

[Event "Mediterranean op 7th"]
[Site "Rijeka"]
[Date "2014.11.13"]
[Round "7"]
[White "Jerkovic, Maroje"]
[Black "Jezidzic, Gordan"]
[Result "1/2-1/2"]
[WhiteElo "1974"]
[BlackElo "2179"]
[PlyCount "101"]
[EventDate "2014.11.08"]
[EventType "swiss"]
[EventRounds "9"]
[EventCountry "CRO"]
[SourceTitle "CBM 163 Extra"]
[Source "ChessBase"]
[SourceDate "2014.12.23"]
[SourceVersion "1"]
[SourceVersionDate "2014.12.23"]
[SourceQuality "1"]

1. e4 d6 2. Nc3 Nf6 3. g3 g6 4. Bg2 Bg7 5. Nge2 0-0 6. 0-0 c5 7. d3 Nc6 8. h3 Rb8 9. f4 e6 10. g4 Ne8 11. f5 Nd4 12. Be3 b5 13. Qd2 b4 14. Nd1 Nxe2+ 15. Qxe2 exf5 16. gxf5 Kh8 17. Qd2 gxf5 18. exf5 Rg8 19. Kh1 Nf6 20. Bg5 Bb7 21. Bxb7 Rxb7 22. Ne3 Ne4 23. dxe4 Qxg5 24. Rg1 Qh4 25. Qg2 Rbb8 26. Qf3 Bxb2 27. Rxg8+ Rxg8 28. Rg1 Rxg1+ 29. Kxg1 Bd4 30. Kf1 Qg5 31. Nd1 f6 32. Ke2 Qg8 33. Qh5 Qxa2 34. Qe8+ Qg8 35. Qe7 a5 36. Ne3 a4 37. Ng4 h5 38. Nh6 Qg2+ 39. Kd3 Qf1+ 40. Kd2 Qf2+ 41. Kd1 Qf3+ 42. Kc1 Qe3+ 43. Kd1 Qg1+ 44. Ke2 Qg2+ 45. Kd1 Qf1+ 46. Kd2 Bc3+ 47. Ke3 Bd4+ 48. Kd2 Qg2+ 49. Kd3 Qg7 50. Qe8+ Kh7 51. Qxh5 1/2-1/2

[Event "Mediterranean op 7th"]
[Site "Rijeka"]
[Date "2014.11.11"]
[Round "5"]
[White "Jerkovic, Maroje"]
[Black "Levar, Nenad"]
[Result "1/2-1/2"]
[WhiteElo "1974"]
[BlackElo "2099"]
[PlyCount "20"]
[EventDate "2014.11.08"]
[EventType "swiss"]
[EventRounds "9"]
[EventCountry "CRO"]
[SourceTitle "CBM 163 Extra"]
[Source "ChessBase"]
[SourceDate "2014.12.23"]
[SourceVersion "1"]
[SourceVersionDate "2014.12.23"]
[SourceQuality "1"]

1. e4 c5 2. Nc3 Nc6 3. g3 g6 4. Bg2 Bg7 5. Nge2 e6 6. d3 d6 7. 0-0 Nge7 8. Be3 Nd4 9. f4 0-0 10. Qd2 Rb8 1/2-1/2

[Event "Mediterranean op 7th"]
[Site "Rijeka"]
[Date "2014.11.10"]
[Round "4"]
[White "Muslija, Idris"]
[Black "Jerkovic, Maroje"]
[Result "1-0"]
[WhiteElo "2259"]
[BlackElo "1974"]
[PlyCount "65"]
[EventDate "2014.11.08"]
[EventType "swiss"]
[EventRounds "9"]
[EventCountry "CRO"]
[SourceTitle "CBM 163 Extra"]
[Source "ChessBase"]
[SourceDate "2014.12.23"]
[SourceVersion "1"]
[SourceVersionDate "2014.12.23"]
[SourceQuality "1"]

1. e4 e5 2. Nf3 Nc6 3. Bb5 a6 4. Ba4 d6 5. 0-0 Nf6 6. Re1 b5 7. Bb3 Be7 8. c3 Na5 9. Bc2 c5 10. d4 Qc7 11. Nbd2 0-0 12. dxe5 dxe5 13. Nf1 Rd8 14. Qe2 Be6 15. h3 Bc4 16. Qe3 Ne8 17. N3h2 f6 18. Qg3 b4 19. Ng4 Be6 20. Nfe3 c4 21. Nd5 Qb7 22. Be3 Kh8 23. Nxe7 bxc3 24. Nd5 cxb2 25. Rad1 Rac8 26. f4 exf4 27. Nxf4 Rxd1 28. Rxd1 Bf7 29. e5 g5 30. e6 Bg8 31. Nxf6 Nxf6 32. Bd4 Rf8 33. Nh5 1-0

[Event "Primorie-Gorski CupT final"]
[Site "Rijeka"]
[Date "2014.05.04"]
[Round "1.2"]
[White "Jerkovic, Maroje"]
[Black "Mazuran, Marijan"]
[Result "1-0"]
[WhiteElo "1981"]
[BlackElo "2133"]
[PlyCount "90"]
[EventDate "2014.05.04"]
[EventType "team-k.o."]
[EventRounds "2"]
[EventCountry "CRO"]
[SourceTitle "EXT 2023"]
[Source "ChessBase"]
[SourceDate "2022.10.05"]
[SourceVersion "1"]
[SourceVersionDate "2022.10.05"]
[SourceQuality "1"]
[WhiteTeam "Rijeka Junior"]
[BlackTeam "Kastav"]
[WhiteTeamCountry "CRO"]
[BlackTeamCountry "CRO"]

1. f4 Nf6 2. g3 g6 3. Bg2 Bg7 4. e4 d6 5. Nc3 c5 6. d3 Nc6 7. h3 h5 8. Be3 Bd7 9. Nf3 Qc8 10. Ne2 Rb8 11. Ng5 Nh7 12. Nxh7 Rxh7 13. c3 f5 14. d4 cxd4 15. Nxd4 Nxd4 16. Bxd4 Qc4 17. Bxa7 Ra8 18. Qb3 Qxb3 19. axb3 Bc6 20. Kf2 fxe4 21. Ke3 d5 22. Bd4 Rxa1 23. Rxa1 Kd7 24. Ra8 Bxd4+ 25. Kxd4 Rf7 26. c4 e6 27. b4 dxc4 28. b5 Bxb5 29. Bxe4 h4 30. Bxg6 Rg7 31. Be8+ Kc7 32. Bxb5 hxg3 33. Ra1 g2 34. Rg1 Rg3 35. Bxc4 Kd6 36. Bd3 Rf3 37. Rxg2 Rxf4+ 38. Ke3 Rh4 39. Rg3 Rb4 40. Rg2 Rh4 41. Rh2 Kd5 42. Bf1 b6 43. Bg2+ Kc4 44. Bf3 Kb3 45. Bg4 Kc4 1-0

[Event "CRO-chT2 West"]
[Site "Croatia"]
[Date "2014.03.30"]
[Round "6.54"]
[White "Jerkovic, Maroje"]
[Black "Barcal, Aleksandar"]
[Result "0-1"]
[WhiteElo "1974"]
[BlackElo "2072"]
[PlyCount "50"]
[EventDate "2014.03.15"]
[EventType "team-tourn"]
[EventRounds "9"]
[EventCountry "CRO"]
[SourceTitle "EXT 2019"]
[Source "ChessBase"]
[SourceDate "2018.10.10"]
[SourceVersion "1"]
[SourceVersionDate "2018.10.10"]
[SourceQuality "1"]
[WhiteTeam "Rijeka Junior"]
[BlackTeam "Buje"]
[WhiteTeamCountry "CRO"]
[BlackTeamCountry "CRO"]

1. e4 e5 2. f4 exf4 3. Nf3 d6 4. Bc4 Be6 5. Qe2 Be7 6. Bxe6 fxe6 7. Qb5+ Nd7 8. Qxb7 g5 9. Nd4 Kf7 10. h4 Nc5 11. Qb5 g4 12. 0-0 Bxh4 13. Rxf4+ Nf6 14. Nc6 Qf8 15. d4 Bg3 16. Rxf6+ Kxf6 17. dxc5 Kg6 18. Be3 Qf6 19. Nd2 Rhf8 20. Nf1 Bf2+ 21. Bxf2 Qxf2+ 22. Kh2 h5 23. cxd6 cxd6 24. Qd3 Rf3 25. Ne7+ Kf7 0-1

[Event "Rijeka Liburnija op"]
[Site "Rijeka"]
[Date "2014.01.24"]
[Round "9"]
[White "Loncar, Robert"]
[Black "Jerkovic, Maroje"]
[Result "1/2-1/2"]
[WhiteElo "2361"]
[BlackElo "1969"]
[PlyCount "118"]
[EventDate "2014.01.17"]
[EventType "swiss"]
[EventRounds "9"]
[EventCountry "CRO"]
[SourceTitle "CBM 158 Extra"]
[Source "ChessBase"]
[SourceDate "2014.02.28"]
[SourceVersion "1"]
[SourceVersionDate "2014.02.28"]
[SourceQuality "1"]

1. e4 c5 2. Nf3 Nc6 3. Bb5 e5 4. 0-0 d6 5. c3 Nge7 6. d4 a6 7. Ba4 b5 8. Bb3 c4 9. Bc2 Ng6 10. a4 Rb8 11. axb5 axb5 12. b3 cxb3 13. Bxb3 Be7 14. Bd5 Bd7 15. Be3 0-0 16. Nbd2 b4 17. c4 Nxd4 18. Nxd4 exd4 19. Bxd4 Bf6 20. Nb3 Be6 21. Ra6 Bxd5 22. exd5 Be5 23. Bxe5 Nxe5 24. Qd4 Qc8 25. Rxd6 Qxc4 26. Qxc4 Nxc4 27. Rc6 Ne5 28. Rc7 Rfd8 29. Rd1 Rd6 30. Rd4 g6 31. h3 Rbd8 32. f4 Nd7 33. Rxb4 Nb6 34. Rc6 Nxd5 35. Rxd6 Rxd6 36. Rd4 Rb6 37. Nc5 Nf6 38. g4 h6 39. Nd3 Kg7 40. Kg2 Rb5 41. Ra4 Rd5 42. Ne5 Nd7 43. Nf3 Nb6 44. Ra6 Nd7 45. Ra7 Rd3 46. Kf2 Rd6 47. h4 Nc5 48. Rc7 Ne6 49. Rc4 Rd7 50. f5 Nf8 51. Rc6 gxf5 52. g5 hxg5 53. Nxg5 Ne6 54. Nf3 Nd4 55. Nxd4 Rxd4 56. Kg3 Rg4+ 57. Kh3 Rg6 58. Rc4 Rg4 59. Rxg4+ fxg4+ 1/2-1/2